| 000 | 01232cam a22003135a 4500 | ||
|---|---|---|---|
| 001 | 017850622 | ||
| 003 | EG-ScBUE | ||
| 005 | 20221013120115.0 | ||
| 008 | 160420t2016 maua f b 101|0 eng d | ||
| 020 | _a9781784660833 | ||
| 040 |
_aStDuBDS _beng _erda _cStDuBDS _dEG-ScBUE |
||
| 082 | 0 | 4 |
_a720.91767 _bISL _222 |
| 111 | 2 |
_aInternational Conference on Islamic Heritage Architecture and Art _n(1st), _jcreator. |
|
| 245 | 1 | 0 |
_aIslamic heritage architecture and art / _ceditors by C. A. Brebbia, Wessex Institute, UK, A. Martinez Boquera, Politechnic University of Valencia, Spain. |
| 264 | 1 |
_aBoston : _bWIT Press, _c[2016] |
|
| 264 | 4 | _cc2016 | |
| 300 |
_a221 pages : _billustrations ; _c23 cm. |
||
| 490 | 0 |
_aWIT transactions on the built environment ; _v159 |
|
| 500 | _aConference proceedings. | ||
| 504 | _aIncludes bibliographical references and index. | ||
| 650 | 7 |
_aIslamic architecture _vCongresses. _2BUEsh _941252 |
|
| 650 | 7 |
_aHistoric sites _zIslamic countries _vCongresses. _2BUEsh _941253 |
|
| 650 | 7 |
_aIslam and art _vCongresses. _2BUEsh _941255 |
|
| 653 |
_bENGARC _cSeptember2016 |
||
| 655 | _vReading book | ||
| 700 | 1 |
_aBrebbia, C. A., _eeditor. |
|
| 700 | 1 |
_aBoquera, A. Martinez, _eeditor. |
|
| 942 |
_2ddc _cBB |
||
| 999 |
_c22417 _d22389 |
||